| 000 | 00364nam a2200157Ia 4500 | ||
|---|---|---|---|
| 008 | 230524s9999 xx 000 0 und d | ||
| 082 |
_a330 _bDAM |
||
| 100 | _aSuma Damodaran | ||
| 245 | 0 | _aManagerial Economics | |
| 250 | _aIST | ||
| 260 |
_aNEW DELHI _bOxford _c2008 |
||
| 300 | _aX;488 | ||
| 500 | _aQuantity Number: 2 | ||
| 650 | _aEconomics | ||
| 942 | _cBK | ||
| 999 |
_c43892 _d43892 |
||